[Event "CRO-ch U19"]
[Site "Split"]
[Date "2021.07.29"]
[Round "7"]
[White "Mahecic, Lovre"]
[Black "Baric, Marko"]
[Result "1/2-1/2"]
[WhiteElo "1917"]
[BlackElo "1916"]
[PlyCount "142"]
[EventDate "2021.07.25"]
[EventType "swiss"]
[EventRounds "9"]
[EventCountry "CRO"]
[SourceTitle "EXT 2022"]
[Source "ChessBase"]
[SourceDate "2021.10.06"]
[SourceVersion "1"]
[SourceVersionDate "2021.10.06"]
[SourceQuality "1"]

1. c4 e5 2. Nc3 Nc6 3. g3 Bb4 4. Bg2 Nf6 5. e3 0-0 6. Nge2 Re8 7. 0-0 e4 8. d4 exd3 9. Qxd3 Ne5 10. Qc2 d6 11. b3 Rb8 12. Bb2 Bg4 13. Nd5 Nxd5 14. cxd5 Bc5 15. Nd4 Qd7 16. Qc3 a5 17. a3 f6 18. f4 Nf7 19. Rfe1 Bxd4 20. Qxd4 Bh3 21. Bh1 c5 22. Qc3 Qb5 23. a4 Qb4 24. Bf3 Nh6 25. e4 Bg4 26. Bg2 Nf7 27. Qxb4 axb4 28. Kf2 Re7 29. Re3 Bd7 30. Bf1 Rbe8 31. Rae1 Ra8 32. e5 fxe5 33. fxe5 Nxe5 34. Bxe5 dxe5 35. Rxe5 Rf8+ 36. Kg1 Rxe5 37. Rxe5 Re8 38. Rxe8+ Bxe8 39. Kf2 Kf7 40. Ke3 Kf6 41. Kd3 Ke5 42. Kc4 Kd6 43. a5 Bf7 44. Bg2 Bh5 45. Kb5 Be2+ 46. Kb6 Ba6 47. Be4 h6 48. h3 g6 49. h4 g5 50. h5 g4 51. Bg2 c4 52. bxc4 Ke5 53. Bf1 b3 54. Bd3 Kd6 55. c5+ Kxd5 56. Bb1 Bc4 57. Bf5 b2 58. Bb1 Kd4 59. Kxb7 Kxc5 60. a6 Bd5+ 61. Kb8 Kd4 62. Kc7 Ke5 63. a7 Bf3 64. Kd7 Kf6 65. Kd6 Ba8 66. Bc2 Kg5 67. Ke5 Bb7 68. Bb1 Bc6 69. Bc2 Ba8 70. Bb1 Bb7 71. Bc2 Bc6 1/2-1/2

[Event "CRO-ch U19"]
[Site "Split"]
[Date "2021.07.25"]
[Round "1"]
[White "Mahecic, Lovre"]
[Black "Cvetkovic, Bozo"]
[Result "1-0"]
[WhiteElo "1917"]
[BlackElo "1387"]
[PlyCount "62"]
[EventDate "2021.07.25"]
[EventType "swiss"]
[EventRounds "9"]
[EventCountry "CRO"]
[SourceTitle "EXT 2022"]
[Source "ChessBase"]
[SourceDate "2021.10.06"]
[SourceVersion "1"]
[SourceVersionDate "2021.10.06"]
[SourceQuality "1"]

1. c4 c5 2. g3 e6 3. Bg2 d5 4. cxd5 exd5 5. d3 Nc6 6. Nc3 Be6 7. Bf4 a6 8. Qb3 Na5 9. Qc2 Nf6 10. e4 d4 11. Nce2 Be7 12. b4 cxb4 13. Bc7 Qc8 14. Nxd4 Nc6 15. Nxe6 Qxe6 16. Bh3 Ng4 17. f3 Ne3 18. Qf2 Qh6 19. Bf4 Qf6 20. Rc1 b3 21. Bxe3 Nb4 22. Bf1 bxa2 23. Bd4 Qe6 24. Qb2 Rc8 25. Rxc8+ Qxc8 26. Kd2 Qc7 27. Ne2 0-0 28. Bh3 Qa5 29. Bc3 Rd8 30. d4 Qa4 31. Ra1 Rd6 1-0

[Event "CRO-chT U20 30th"]
[Site "Rabac"]
[Date "2021.04.10"]
[Round "9.2"]
[White "Mahecic, Lovre"]
[Black "Troselj, Ivan"]
[Result "1/2-1/2"]
[WhiteElo "1958"]
[BlackElo "1962"]
[PlyCount "112"]
[EventDate "2021.04.06"]
[EventType "team-tourn"]
[EventRounds "11"]
[EventCountry "CRO"]
[SourceTitle "CBM 201 Extra"]
[Source "ChessBase"]
[SourceDate "2021.05.31"]
[SourceVersion "1"]
[SourceVersionDate "2021.05.31"]
[SourceQuality "1"]
[WhiteTeam "Sveta Nedelja U20"]
[BlackTeam "Rijeka Junior U20"]
[WhiteTeamCountry "CRO"]
[BlackTeamCountry "CRO"]

1. c4 e6 2. Nc3 d5 3. cxd5 exd5 4. d3 Nf6 5. g3 c6 6. Bg2 Bg4 7. Qb3 Qb6 8. Be3 Qxb3 9. axb3 a5 10. Nf3 Bb4 11. 0-0 0-0 12. h3 Be6 13. Na4 Nbd7 14. Rfc1 Rfe8 15. Nc5 Nxc5 16. Bxc5 Nd7 17. Bxb4 axb4 18. Nd4 g6 19. Kf1 Kg7 20. Ke1 Kf6 21. Kd2 Ke5 22. Nc2 Kd6 23. d4 c5 24. e3 b5 25. Bf1 h5 26. h4 c4 27. Nxb4 Nb6 28. bxc4 bxc4 29. Nc2 Na4 30. Ra2 Reb8 31. Rca1 Rxb2 32. Kc1 Rxa2 33. Rxa2 Nb6 34. Rxa8 Nxa8 35. Kd2 Nb6 36. f3 Na4 37. e4 f6 38. Ne3 Nb6 39. Kc3 g5 40. exd5 Bxd5 41. f4 gxf4 42. gxf4 Ke6 43. Be2 Na4+ 44. Kb4 Nb2 45. f5+ Kd6 46. Bxh5 Nd3+ 47. Kc3 Nf4 48. Bg4 Bf7 49. Nxc4+ Bxc4 50. Kxc4 Ng2 51. Bf3 Ne3+ 52. Kd3 Nxf5 53. h5 Nxd4 54. Kxd4 Ke6 55. h6 Kf7 56. Bd5+ Kg6 1/2-1/2

[Event "CRO-chT U20 30th"]
[Site "Rabac"]
[Date "2021.04.07"]
[Round "4.2"]
[White "Vucenovic, Damian"]
[Black "Mahecic, Lovre"]
[Result "1-0"]
[WhiteElo "2008"]
[BlackElo "1958"]
[PlyCount "63"]
[EventDate "2021.04.06"]
[EventType "team-tourn"]
[EventRounds "11"]
[EventCountry "CRO"]
[SourceTitle "CBM 201 Extra"]
[Source "ChessBase"]
[SourceDate "2021.05.31"]
[SourceVersion "1"]
[SourceVersionDate "2021.05.31"]
[SourceQuality "1"]
[WhiteTeam "Sesvete Agroproteinka U20"]
[BlackTeam "Sveta Nedelja U20"]
[WhiteTeamCountry "CRO"]
[BlackTeamCountry "CRO"]

1. e4 c5 2. Nf3 d6 3. Bb5+ Bd7 4. Bxd7+ Nxd7 5. 0-0 Ngf6 6. Re1 g6 7. c3 Bg7 8. d4 cxd4 9. cxd4 0-0 10. Nc3 Rc8 11. Bg5 h6 12. Bh4 g5 13. Bg3 Nh5 14. Qd3 Nxg3 15. hxg3 e6 16. Rad1 Qb6 17. Re2 a6 18. Nh2 Rfd8 19. Kh1 Qa5 20. f4 Kh8 21. Qf3 Nf8 22. Qh5 Rd7 23. Rf2 f6 24. Rdf1 Qd8 25. f5 e5 26. dxe5 dxe5 27. Nf3 Kg8 28. Nd5 Rc4 29. Nxe5 fxe5 30. f6 Rf7 31. fxg7 Rxf2 32. Rxf2 1-0

[Event "CRO-chT U20 30th"]
[Site "Rabac"]
[Date "2021.04.06"]
[Round "2.2"]
[White "Klapac, Patrik"]
[Black "Mahecic, Lovre"]
[Result "0-1"]
[WhiteElo "1780"]
[BlackElo "1958"]
[PlyCount "48"]
[EventDate "2021.04.06"]
[EventType "team-tourn"]
[EventRounds "11"]
[EventCountry "CRO"]
[SourceTitle "CBM 201 Extra"]
[Source "ChessBase"]
[SourceDate "2021.05.31"]
[SourceVersion "1"]
[SourceVersionDate "2021.05.31"]
[SourceQuality "1"]
[WhiteTeam "Oroslavje U20"]
[BlackTeam "Sveta Nedelja U20"]
[WhiteTeamCountry "CRO"]
[BlackTeamCountry "CRO"]

1. e4 e5 2. Nf3 Nc6 3. Bc4 Bc5 4. d3 h6 5. 0-0 d6 6. h3 Nf6 7. Nc3 g5 8. Nh2 g4 9. hxg4 Rg8 10. g5 hxg5 11. Be3 g4 12. Bxc5 dxc5 13. Nd5 Nxd5 14. exd5 Nd4 15. Re1 Qh4 16. c3 Rh8 17. cxd4 Qxh2+ 18. Kf1 cxd4 19. Qd2 Qh1+ 20. Ke2 Qxg2 21. Kd1 f6 22. Rc1 g3 23. fxg3 Bg4+ 24. Kc2 Qxd2+ 0-1

[Event "CRO-ch U17"]
[Site "Vinkovci"]
[Date "2020.08.01"]
[Round "6"]
[White "Mahecic, Lovre"]
[Black "Levacic, Matej"]
[Result "1/2-1/2"]
[WhiteElo "1949"]
[BlackElo "2040"]
[PlyCount "74"]
[EventDate "2020.07.28"]
[EventType "swiss"]
[EventRounds "9"]
[EventCountry "CRO"]
[SourceTitle "EXT 2021"]
[Source "ChessBase"]
[SourceDate "2020.10.23"]
[SourceVersion "1"]
[SourceVersionDate "2020.10.23"]
[SourceQuality "1"]

1. c4 Nf6 2. Nc3 e5 3. g3 Bb4 4. Bg2 0-0 5. Nf3 e4 6. Nd4 Nc6 7. Nxc6 dxc6 8. Nxe4 Nxe4 9. Bxe4 Qd4 10. Qc2 f5 11. Bg2 Be6 12. 0-0 Bxc4 13. d3 Bd5 14. Be3 Qe5 15. Bf4 Qe7 16. Bxd5+ cxd5 17. Qxc7 Qxc7 18. Bxc7 Rac8 19. Rac1 Bd2 20. Rc2 Rf7 21. Rxd2 Rfxc7 22. Kg2 Kf7 23. e3 g5 24. b4 Ke6 25. Rb1 Rc2 26. Rbd1 R8c3 27. h3 h5 28. h4 g4 29. Kf1 Kd6 30. Ke2 Kc6 31. Rxc2 Rxc2+ 32. Rd2 Rc1 33. Rb2 Kb5 34. Kd2 Rc6 35. Rb3 Ra6 36. Rb2 Rc6 37. Rb3 Ka4 1/2-1/2

[Event "CRO-ch U15"]
[Site "Trogir"]
[Date "2018.06.19"]
[Round "7"]
[White "Kruslin, Karlo"]
[Black "Mahecic, Lovre"]
[Result "0-1"]
[WhiteElo "1512"]
[BlackElo "1698"]
[PlyCount "42"]
[EventDate "2018.06.16"]
[EventType "swiss"]
[EventRounds "9"]
[EventCountry "CRO"]
[SourceTitle "EXT 2019"]
[Source "ChessBase"]
[SourceDate "2018.10.10"]
[SourceVersion "1"]
[SourceVersionDate "2018.10.10"]
[SourceQuality "1"]

1. d4 Nf6 2. c4 e5 3. dxe5 Ng4 4. Nf3 Bc5 5. e3 Nc6 6. Nc3 Ngxe5 7. Nxe5 Nxe5 8. Be2 0-0 9. 0-0 d6 10. b3 Re8 11. Qc2 g6 12. h3 Bf5 13. e4 Bd7 14. Qd2 c6 15. Na4 Qf6 16. Nxc5 dxc5 17. Bb2 Rad8 18. Qc3 Qf4 19. Bd3 Bxh3 20. Bb1 Rd3 21. gxh3 Nf3+ 0-1

[Event "CRO-ch U15"]
[Site "Trogir"]
[Date "2017.06.22"]
[Round "9"]
[White "Jakrlin, Mihael"]
[Black "Mahecic, Lovre"]
[Result "1/2-1/2"]
[WhiteElo "1741"]
[BlackElo "1677"]
[PlyCount "146"]
[EventDate "2017.06.17"]
[EventType "swiss"]
[EventRounds "9"]
[EventCountry "CRO"]
[SourceTitle "CBM 179 Extra"]
[Source "ChessBase"]
[SourceDate "2017.08.23"]
[SourceVersion "1"]
[SourceVersionDate "2017.08.23"]
[SourceQuality "1"]

1. d4 Nf6 2. Bg5 d5 3. Nc3 e6 4. Nf3 c5 5. e3 Nc6 6. Be2 Bd7 7. 0-0 h6 8. Bh4 a6 9. a4 Bd6 10. Bg3 Bxg3 11. hxg3 0-0 12. Ne5 cxd4 13. exd4 Qb6 14. Nxc6 Bxc6 15. Ra3 Rfc8 16. a5 Qc7 17. Qd2 Rab8 18. Rfa1 Bb5 19. Bxb5 axb5 20. Rb3 Qc4 21. Qd3 b4 22. Nb5 Qxc2 23. Qxc2 Rxc2 24. Rxb4 Rbc8 25. Nc3 Rc7 26. f3 g5 27. Ra3 g4 28. Rab3 gxf3 29. gxf3 Nh5 30. Rxb7 Rc4 31. R3b4 Kg7 32. Rxc4 dxc4 33. Rb4 Nxg3 34. a6 Ne2+ 35. Nxe2 Rxe2 36. Ra4 Rxb2 37. a7 c3 38. a8Q c2 39. Rc4 Rb1+ 40. Kf2 c1Q 41. Rxc1 Rxc1 42. Qe4 Rc8 43. Kg3 Re8 44. Kh4 Rd8 45. Qe5+ Kg6 46. Qh5+ Kg7 47. Qg4+ Kh7 48. Qe4+ Kg7 49. Kg3 Rd5 50. f4 Rh5 51. Qb7 Rd5 52. Kf3 Kg6 53. Qc8 Kg7 54. Qc2 Rf5 55. Qg2+ Kf6 56. Qg8 Rd5 57. Kg4 Rf5 58. Qh7 h5+ 59. Kf3 Ke7 60. Ke4 Rd5 61. Qg7 Rf5 62. Ke3 Rd5 63. Kf3 Rf5 64. Kg3 Rd5 65. Kh4 Rf5 66. Qe5 Rxe5 67. dxe5 Kf8 68. Kxh5 Kg8 69. Kg4 Kg7 70. Kg5 Kh7 71. Kf6 Kg8 72. Kg5 Kg7 73. Kh5 Kh7 1/2-1/2

[Event "CRO-ch U15"]
[Site "Trogir"]
[Date "2017.06.20"]
[Round "7"]
[White "Mahecic, Lovre"]
[Black "Smetisko, Josip"]
[Result "0-1"]
[WhiteElo "1677"]
[BlackElo "1913"]
[PlyCount "56"]
[EventDate "2017.06.17"]
[EventType "swiss"]
[EventRounds "9"]
[EventCountry "CRO"]
[SourceTitle "CBM 179 Extra"]
[Source "ChessBase"]
[SourceDate "2017.08.23"]
[SourceVersion "1"]
[SourceVersionDate "2017.08.23"]
[SourceQuality "1"]

1. c4 Nf6 2. Nc3 g6 3. d4 d5 4. cxd5 Nxd5 5. e4 Nxc3 6. bxc3 Bg7 7. Nf3 c5 8. Bb2 0-0 9. Bc4 Nc6 10. 0-0 Qc7 11. Qc2 Bg4 12. Ng5 h6 13. h3 Bd7 14. Nf3 Rac8 15. Rfd1 cxd4 16. cxd4 Na5 17. Ne5 Bxe5 18. dxe5 Be6 19. Rac1 Nxc4 20. Qe2 Rfd8 21. Re1 Rd2 22. Qxd2 Nxd2 23. Rxc7 Rxc7 24. f4 Nc4 25. Bc1 Kg7 26. g4 Nb6 27. f5 Bxa2 28. Bb2 e6 0-1

[Event "CRO-ch U13"]
[Site "Trogir"]
[Date "2016.06.21"]
[Round "2"]
[White "Tomrlin, Luka"]
[Black "Mahecic, Lovre"]
[Result "1-0"]
[WhiteElo "1154"]
[BlackElo "1481"]
[PlyCount "66"]
[EventDate "2016.06.21"]
[EventType "swiss"]
[EventRounds "9"]
[EventCountry "CRO"]
[SourceTitle "EXT 2017"]
[Source "ChessBase"]
[SourceDate "2016.10.25"]
[SourceVersion "1"]
[SourceVersionDate "2016.10.25"]
[SourceQuality "1"]

1. e4 e5 2. Nf3 Nc6 3. Bc4 Bc5 4. c3 Nf6 5. d3 d6 6. 0-0 h6 7. h3 0-0 8. Bb3 Be6 9. Bc2 a5 10. Be3 Ba7 11. Bxa7 Rxa7 12. Nbd2 d5 13. Re1 Ra8 14. exd5 Nxd5 15. Nxe5 Nxe5 16. Rxe5 Qf6 17. d4 Rfe8 18. Ne4 Qd8 19. Nc5 Rb8 20. Nxe6 Rxe6 21. Rxe6 fxe6 22. Qg4 Qf6 23. Re1 Re8 24. h4 Re7 25. Be4 c6 26. h5 Rf7 27. f3 Re7 28. c4 Qxd4+ 29. Kh1 Nf6 30. Bh7+ Kxh7 31. Qxd4 Nxh5 32. Qb6 Nf4 33. Qxa5 Nd3 1-0